000 00938cam a22002291 4500
005 20260322212003.0
008 data
010 _a 64020934
040 _aDLC
_cKWiU
_dDLC
_dOYU
_dOHirC
_dDLC
042 _apremarc
050 0 0 _aPR2750
_b.B41 1964
082 _a821.3
092 _a822.3 Y1 1964
100 1 _aShakespeare, William,
_d1564-1616.
245 1 0 _aShakespeare's poems:
_ba facsimile of the earliest editions.
_cWilliam Shakespeare.
260 _aNew Haven,
_bPublished for the Elizabethan Club [by] Yale University Press,
_c1964.
300 _axx, 318 p.
_c24 cm.
440 4 _aThe Elizabethan Club series,
_v3
500 _aPublished in honor of the 410th anniversary of Shakespeare's birth.
505 0 _aPreface, by the Publications Committee of the Elizabethan Club.--Bibliography (p. xix-xx).--Venus and Adonis.--Lucrece.--The passionate pilgrim.--The phoenix and the turtle.--The sonnets.--A lover's complaint.
001 data
999 _c16
_d16